| 000 | 01400nam a2200325 4500 | ||
|---|---|---|---|
| 001 | 0000015288 | ||
| 003 | CO-CtgCURN | ||
| 005 | 20260311153639.0 | ||
| 007 | ta | ||
| 008 | 160627s2009 000 0 eng d | ||
| 020 | _a9789701068878 | ||
| 040 |
_aCO-CtgCURN _bspa _ccoctgcurn |
||
| 082 | 0 |
_a519.5 _bS43 |
|
| 100 | 1 | _aSpiegel, Murray R. | |
| 245 | 1 | 0 |
_aEstadistica / _cMurray R. Spiegel, Larry J. Stephens. |
| 250 | _a4a. Ed. | ||
| 260 |
_aMexico : _bMcGraw-Hill, _c2009. |
||
| 300 | _a577 p. | ||
| 336 | _2rdacontent | ||
| 337 |
_2rdamedia _asin mediacion _bn |
||
| 338 |
_2rdacarrier _avolumen _bnc |
||
| 500 | _aindice \ Problemas resueltos y complementarios al final de cada capitulo. | ||
| 505 | 8 | _aVariables y graficas.--Distribuciones de frecuencia.--Desviacion estandar y otras medidas de dispersion.--Teoria de la estimacion estadistica.--Teoria elemental del muestreo.--La distribucion binominal, normal y de poisson.--Correlacion multiple y correlacion parcial.--Análisis de varianza.--Ajuste de curva y metodo de minimos cuadrados.--Teoria estadistica de la decision.--Teoria de las muestras pequeñas | |
| 590 | _aBioestadística (Medicina) | ||
| 650 | 1 | 4 | _aEstadistica. |
| 908 | _a160627 | ||
| 942 |
_cBK _h519.5 _iS43 _2ddc |
||
| 999 |
_c20903 _d20903 |
||